|
|
|
|
| LEADER |
00000cam a2200000 7i4500 |
| 001 |
0000009558 |
| 005 |
20241004.0 |
| 008 |
010808 my a eng |
| 040 |
|
|
|a INS
|b eng
|e rda
|
| 090 |
0 |
0 |
|a BB171.5
|b L56 1970
|
| 100 |
1 |
|
|a Lim, Meng Seng ,
|e author
|
| 245 |
1 |
3 |
|a An introduction to economics for Malaysian students
|c by Lim Meng Seng and Arshad Ayub
|
| 264 |
|
1 |
|a Kuala Lumpur :
|b Dewan Bahasa dan Pustaka
|c 1970
|
| 300 |
|
|
|a 309 pages :
|b illustrations ;
|c 22 cm.
|
| 336 |
|
|
|a text
|2 rdacontent
|
| 337 |
|
|
|a unmediated
|2 rdamedia
|
| 338 |
|
|
|a volume
|2 rdacarrier
|
| 504 |
|
|
|a Includes bibliographical references and index
|
| 650 |
|
0 |
|a Economics
|
| 700 |
0 |
|
|a Arshad Ayub ,
|e author
|
| 999 |
|
|
|a 0000023905
|b BOOK
|c Open Shelf
|e Default branch
|